Normal view
MARC view
- Abdul Moiz Farooq | Husnain Arif Wahla | Muhammad Talha Munir
Entry Personal Name
001 - CONTROL NUMBER
- control field: 5610
003 - CONTROL NUMBER IDENTIFIER
- control field: NUST
005 - DATE AND TIME OF LATEST TRANSACTION
- control field: 20171024162044.0
008 - FIXED-LENGTH DATA ELEMENTS
- fixed length control field: 171024|| aca||aabn | a|a d
040 ## - CATALOGING SOURCE
- Original cataloging agency: NUST
- Transcribing agency: NUST
100 ## - HEADING--PERSONAL NAME
- Personal name: Abdul Moiz Farooq | Husnain Arif Wahla | Muhammad Talha Munir
670 ## - SOURCE DATA FOUND
- Source citation: Work cat.: (NUST): Abdul Moiz Farooq | Husnain Arif Wahla | Muhammad Talha Munir, Autodrive, 2017
